logo

Bir Sreshtho Munshi Abdur Rouf Library
Jhenaidah Cadet College

ভবিষ্য তহবিল, কল্যাণ তহবিল, যৌথবীমা আইন ও বিধি / (Record no. 10655)

MARC details
000 -LEADER
fixed length control field 00814nam a2200229 a 4500
001 - CONTROL NUMBER
JCCL Control Number 10655
003 - CONTROL NUMBER IDENTIFIER
JCCL marc code BD-JhCC
005 - DATE AND TIME OF LATEST TRANSACTION
control field 20200807134007.0
008 - FIXED-LENGTH DATA ELEMENTS--GENERAL INFORMATION
fixed length control field 180804s20171993bg |||| |||| 00| 0 ben d
020 ## - INTERNATIONAL STANDARD BOOK NUMBER
International Standard Book Number 9847007400188
035 ## - SYSTEM CONTROL NUMBER
system control number (BD-JhCC)10655
040 ## - CATALOGING SOURCE
Original cataloging agency BD-JhCC
Modifying agency BD-JhCC
041 ## - LANGUAGE CODE
Language code of Book ben
082 ## - DEWEY DECIMAL CLASSIFICATION NUMBER
Classification number 341.2
Author mark and Year MIA 2017
100 ## - MAIN ENTRY--PERSONAL NAME
Personal name মিয়া, মোহাম্মদ ফিরোজ
245 ## - TITLE STATEMENT
Title ভবিষ্য তহবিল, কল্যাণ তহবিল, যৌথবীমা আইন ও বিধি /
Statement of responsibility, etc মোহাম্মদ ফিরোজ মিয়া,
250 ## - EDITION STATEMENT
Edition statement 10th ed.
260 ## - PUBLICATION, DISTRIBUTION, ETC. (IMPRINT)
Place of publication, distribution, etc ঢাকা :
Name of publisher, distributor, etc রোদ্দুর,
Date of publication, distribution, etc ২০১৭
300 ## - PHYSICAL DESCRIPTION
Pagination ২০০ পৃ. :
Dimensions ২১ সেমি.
650 ## - SUBJECT ADDED ENTRY--TOPICAL TERM
Topical term or geographic name as entry element Government Servant Law
942 ## - ADDED ENTRY ELEMENTS (KOHA)
Source of classification or shelving scheme Dewey Decimal Classification
Koha item type Books
Koha issues (borrowed), all copies 1
Holdings
Source of classification or shelving scheme Damaged status Not for loan Home library Current library Shelving location Date of accession Cost, normal purchase price Total Checkouts Full call number Barcode Date last seen Date checked out Copy number Koha item type
Dewey Decimal Classification     JCC Rouf Library JCC Rouf Library General Stacks 08/04/2018 225.00 1 341.2 MIA 2017 14357 09/06/2022 08/06/2020 C-1 Books
Dewey Decimal Classification     JCC Rouf Library JCC Rouf Library General Stacks 08/04/2018 225.00   341.2 MIA 2017 14356 08/04/2018   C-2 Books
Dewey Decimal Classification     JCC Rouf Library JCC Rouf Library General Stacks 08/04/2018 225.00   341.2 MIA 2017 14355 08/04/2018   C-3 Books

JCC Library | Contacts | JCC Home

Last Update on 23 September 2017
Copyright @ 2017-2020 JCC Rouf Library
Rouf Library, Jhenidah Cadet College (JCC), Bangladesh